| 000 | 03825nam a2200349 a 4500 | ||
|---|---|---|---|
| 001 | ebr10440674 | ||
| 003 | CaPaEBR | ||
| 006 | m u | ||
| 007 | cr cn||||||||| | ||
| 008 | 100611s2011 nyua sb 001 0 eng d | ||
| 010 | _z 2010024464 | ||
| 020 | _z9781933864518 | ||
| 020 | _z1933864516 | ||
| 020 | _z9781617050039 (e-book) | ||
| 040 |
_aCaPaEBR _cCaPaEBR |
||
| 035 | _a(OCoLC)699487834 | ||
| 050 | 1 | 4 |
_aRC935.S64 _bS62 2011eb |
| 082 | 0 | 4 |
_a616.8/56 _222 |
| 245 | 0 | 0 |
_aSpasticity _h[electronic resource] : _bdiagnosis and management / _c[edited by] Allison Brashear, Elie Elovic. |
| 260 |
_aNew York : _bDemos Medical, _cc2011. |
||
| 300 |
_axv, 448 p. : _bill. (some col.). |
||
| 504 | _aIncludes bibliographical references and index. | ||
| 505 | 0 | _aWhy is spasticity important? / Allison Brashear and Elie Elovic -- Epidemiology of spasticity in the adult and child / John R. McGuire -- Spasticity and other signs of the upper motor neuron syndrome / Nathaniel H. Mayer -- Ancillary findings associated with spasticity / Cindy B. Ivanhoe -- Measurement tools and treatment outcomes in patients with spasticity / Omar Gomez-Medina and Elie Elovic -- Assessment of spasticity in upper extremity / Thomas Watanabe -- Assessment of spasticity and other consequences of the upper motor neuron syndrome affecting the lower limb / Alberto Esquenazi -- Setting realistic and meaningful goals for treatment / Elie Elovic -- Chemoneurolysis with phenol and alcohol : a "dying art" that merits revival / Lawrence J. Horn, Gurtej Singh, and Edward R. Dabrowski -- Botulinum toxin in the treatment of lower limb spasticity / Alberto Esquenazi -- Botulinum toxin in the treatment of upper limb spasticity / Allison Brashear -- Anatomical correlation of common patterns of spasticity / Mayank Pathak and Daniel Truong -- The role of physical and occupational therapy in the evaluation and management of spasticity / Robert Shingleton, Jonathan H. Kinzinger, and Elie Elovic -- Emerging technologies in the management of upper motor neuron syndromes / Ira Rashbaum and Steven R. Flanagan -- | |
| 505 | 0 | _aPharmacologic management of spasticity : oral medications / Jay M. Meythaler and Scott Kowalski -- Intrathecal baclofen for spasticity / Michael Saulino ... [et al.] -- Surgery in the management of spasticity / David A. Fuller -- Diagnostic evaluation of adult patients with spasticity / Geoffrey Sheean -- Overview of genetic causes of spasticity in adults and children / Donald McCorquordale III and Stephan Z�uchner -- Spasticity affecting those with neuromuscular diseases : pathology, epidemiology, and treatment / Rachel M. Dolhun and Peter D. Donofrio -- Spasticity due to disease of the spinal cord : pathophysiology, epidemiology, and treatment / Heather W. Walker and Steven Kirshblum -- Spasticity due to multiple sclerosis : epidemiology, pathophysiology and treatment / Anjali Shah and Ian Maitin -- Spasticity due to stroke pathophysiology / Anthony B. Ward and Surendra Bandi -- Spasticity in traumatic brain injury / Ross Zafonte, Stephanie Co, and Anath Srikrishnan -- Evaluation, treatment planning, and nonsurgical treatment of cerebral palsy / Ann Tilton -- Surgical management of spasticity in the child with cerebral palsy / Kat Kolaski, John Frino, and L.A. Koman -- Animal models of spasticity / Patrick Harvey Kitzman. | |
| 533 |
_aElectronic reproduction. _bPalo Alto, Calif. : _cebrary, _d2013. _nAvailable via World Wide Web. _nAccess may be limited to ebrary affiliated libraries. |
||
| 650 | 0 | _aSpasticity. | |
| 655 | 7 |
_aElectronic books. _2local |
|
| 700 | 1 | _aBrashear, Allison. | |
| 700 | 1 | _aElovic, Elie. | |
| 710 | 2 | _aebrary, Inc. | |
| 856 | 4 | 0 |
_uhttp://site.ebrary.com/lib/rucke/Doc?id=10440674 _zAn electronic book accessible through the World Wide Web; click to view |
| 999 |
_c134684 _d134684 |
||